| 000 | 00632nam a2200217 u 4500 | ||
|---|---|---|---|
| 005 | 20240315063654.0 | ||
| 008 | 170221s2009 r 000 0 eng d | ||
| 020 | _a9786077854302 | ||
| 035 | _aUPN01000216183 | ||
| 049 | _aCG | ||
| 050 | 4 |
_aPC4065 _bD6.24 2009 |
|
| 100 | 1 |
_aDomínguez Hidalgo, Antonio, _d1944- _930890 |
|
| 245 | 1 | 3 |
_aLa clase de español y su proyección educativa / _cAntonio Domínguez Hidalgo. |
| 250 | _a3a ed. | ||
| 260 |
_aMéxico : _bAlfaomega, _c2009. |
||
| 300 |
_a215 p. _bil. |
||
| 440 | 0 | _aEducación | |
| 650 | 4 |
_aEspañol _xEstudio y enseñanza _97357 |
|
| 905 | _aLibro | ||
| 999 |
_c188283 _d188283 |
||